| 000 | 00761cam a2200241 4500 | ||
|---|---|---|---|
| 001 | ABS63609 | ||
| 008 | 000000n2000 000 0 eng u | ||
| 035 | _a(Sirsi) u110975 | ||
| 100 | _aDu Toit, J.F. | ||
| 245 | 4 | _aThe minimum requirements of a motivated valuation report | |
| 260 | _c2000 | ||
| 490 |
_aSouth African Valuer _v(64) December 2000, 6-7(2) |
||
| 520 | _aFor the guidance of valuers and their clients provides a list of recommended items and facts, to be included in a valuation report. | ||
| 590 | _aABS | ||
| 650 | _aVALUATION REPORTS | ||
| 650 | _aCOMPARABLES | ||
| 650 | _aTITLE DEEDS | ||
| 650 | _aPRESENTATION | ||
| 650 | _aVALUERS | ||
| 650 | _aCLIENTS | ||
| 690 | _aPROPERTY-PROPERTY APPRAISAL AND VALUATION | ||
| 942 | _n0 | ||
| 999 |
_c66143 _d66143 |
||